00533nam a22001697a 450000500170000001000150001702000260003203500130005803700130007108200120008410000170009624500950011326000450020827000620025330000340031570000140034920161206103607.0 aENG-116335 a9789350099063c450.00 aEN-99867 bDBAD/PUB a641.815 aKoranne,Saee aCrumbs bread stories and recipes for the Indian kitchen /cby Saee Koranne [and] Khandekar aGurgaonbHachette Book Publishing c2016 a4th/5th Floor, Corporete Center,Sector 44bGugaone122003 axvi,256p. :bill c20cm.(pbk) aKhandekar